Crónicas del bosque /

Guardado en:
Autor Principal: Quiroga, Horacio
Formato: Libro
Publicado: Buenos Aires : Cántaro, 1998
Materias:
Etiquetas: Agregar Etiqueta
Sin Etiquetas, Sea el primero en etiquetar este registro!
LEADER 01197nam a22002295a 4500
001 CEM.cems010390
008 130507s1998##################000#0#####d
005 20251111095250.0
245 1 0 |a Crónicas del bosque /  |c Horacio Quiroga 
260 |a Buenos Aires :  |b Cántaro,  |c 1998 
300 |a 141 p. 
505 0 |a La yararacusú -- El monstruo -- La araña pollito -- El yaciyateré -- El vampiro -- La hormiga león -- La ñandurihué -- El cascarudo tanque -- El coatí -- La vitalidad de las víboras -- La hormiga minera -- Los tatetos -- La avispa colorada -- El pique -- El tigre -- El aguaraguazú -- La ñacaniñá -- Los cuervos -- El boa -- La ura -- El surucuá -- La corrección -- Los estranguladores -- El caguaré -- Perros de monte -- La enredadera de flor escarlata -- El puma -- Ratas de campo -- El urutaú -- Pluma alta 
020 |a 9507530169 
100 1 |a Quiroga, Horacio 
082 0 4 |a A868.4 
653 |a Literatura 
653 |a Literatura Uruguaya 
653 |a Cuentos 
653 |a Cuento Uruguayo 
653 |a Literatura juvenil 
859 |a CEMS  |b BIB. CEMS - 11 de abril  |h U868.4  |i Q48-10  |p 20935.00  |t Ej.1 
859 |a CEMS  |b BIB. CEMS - 11 de abril  |h A868.4  |i Q48-10  |p 20946.00  |t Ej.2